Landscape Design Usa (Record no. 14208)

000 -LEADER
fixed length control field 00284nam a2200121Ia 4500
008 - FIXED-LENGTH DATA ELEMENTS--GENERAL INFORMATION
fixed length control field 260210s9999 xx 000 0 und d
020 ## - INTERNATIONAL STANDARD BOOK NUMBER
International Standard Book Number 9788496424616
100 ## - MAIN ENTRY--PERSONAL NAME
Personal name George Lam
245 #0 - TITLE STATEMENT
Title Landscape Design Usa
260 ## - PUBLICATION, DISTRIBUTION, ETC. (IMPRINT)
Name of publisher, distributor, etc Links
Date of publication, distribution, etc 2007
300 ## - PHYSICAL DESCRIPTION
Extent 368 pages
942 ## - ADDED ENTRY ELEMENTS (KOHA)
Item type B.PLAN
Source of classification or shelving scheme
Holdings
Withdrawn status Lost status Source of classification or shelving scheme Damaged status Koha normalized classification for sorting Not for loan Permanent location Current location Shelving location Date acquired Full call number Barcode Date last seen Price effective from Koha item type
        711_000000000000000   BMS College of Architecture, Design and Planning BMS College of Architecture, Design and Planning General Stacks 2025-12-03 711 AR-UG5064 2026-02-10 2026-02-10 B.PLAN
Copyright © 2025, The Librarian, Library and Information Centre, BMSCA D&P, Bengaluru. All Rights Reserved
web counter

Powered by Koha